| 000 | 00411nam a22001577a 4500 | ||
|---|---|---|---|
| 003 | OSt | ||
| 005 | 20250701150313.0 | ||
| 008 | 250701b |||||||| |||| 00| 0 eng d | ||
| 020 | _a9789390595426 | ||
| 245 | _aApplied Biochemistry for B.Sc. Nursing | ||
| 250 | _a2nd Edition | ||
| 260 |
_aNew Delhi _bJaypee Brothers Medical Publishers |
||
| 300 | _aXXIV;380P. | ||
| 650 | _2Biochemistry | ||
| 942 |
_2ddc _cDB |
||
| 999 |
_c367128 _d367128 |
||